| Tag |
First Indicator |
Second Indicator |
Subfields |
| LEADER |
00000cam a2200000 a 4500 |
| 001 |
in00000014996 |
| 005 |
20151007052938.0 |
| 008 |
870925s1987 nyua b 10100 eng c |
| 010 |
|
|
|a 87025935
|
| 020 |
|
|
|a 030642777X
|
| 035 |
|
|
|a (OCoLC)16922454
|
| 035 |
|
|
|9 AAA9803AM
|
| 040 |
|
|
|a DNLM/DLC
|c DLC
|d OCL
|d TXA
|d UtOrBLW
|
| 049 |
|
|
|a TXAM
|c [A11057897]
|
| 050 |
0 |
0 |
|a TP248.25.M38
|b M37 1987
|
| 060 |
|
0 |
|a QC 454.M3 M41435 1986
|
| 070 |
0 |
|
|a TP248.25.M38M37
|
| 072 |
|
0 |
|a X600
|a X500
|
| 082 |
0 |
|
|a 660/.6
|2 19
|
| 245 |
0 |
0 |
|a Mass spectrometry in biotechnological process analysis and control /
|c edited by Elmar Heinzle and Matthias Reuss.
|
| 264 |
|
1 |
|a New York :
|b Plenum Press,
|c [1987]
|
| 264 |
|
4 |
|c ©1987
|
| 300 |
|
|
|a xi, 241 pages :
|b illustrations ;
|c 26 cm.
|
| 336 |
|
|
|a text
|b txt
|2 rdacontent
|
| 337 |
|
|
|a unmediated
|b n
|2 rdamedia
|
| 338 |
|
|
|a volume
|b nc
|2 rdacarrier
|
| 500 |
|
|
|a Proceedings of a workshop held Oct. 23-24, 1986 in Graz, Austria; organized by the Institute for Environmental Research of the Joanneum Research Society; sponsored by the International Federation of Automatic Control (IFAC) and the IFAC Committee on Applications (APCOM).
|
| 504 |
|
|
|a Includes bibliographies and index.
|
| 650 |
|
0 |
|a Mass spectrometry
|v Congresses.
|
| 650 |
|
0 |
|a Biotechnology
|x Technique
|x Congresses.
|
| 700 |
1 |
|
|a Heinzle, Elmar.
|
| 700 |
1 |
|
|a Reuss, Matthias.
|
| 710 |
2 |
|
|a Institut für Umweltforschung.
|
| 710 |
2 |
|
|a International Federation of Automatic Control.
|
| 710 |
2 |
|
|a International Federation of Automatic Control.
|b Technical Committee on Applications.
|
| 999 |
|
|
|a MARS
|
| 999 |
f |
f |
|s 81f7f868-0760-34b9-af65-b9c15c594357
|i 6706b024-1868-3b83-bb8d-5f5ccf9d4928
|t 0
|
| 952 |
f |
f |
|p ric
|a Texas A&M University
|b Rellis Campus
|c Joint Library Facility
|d Remote Storage
|t 0
|e TP248.25.M38 M37 1987
|h Library of Congress classification
|i unmediated -- volume
|m A14811057897
|
| 998 |
f |
f |
|a TP248.25.M38 M37 1987
|t 0
|l Remote Storage
|